Tính toán các công trình xử lý và phân phối nước cấp
Đã lưu trong:
| Príomhúdar: | |
|---|---|
| Formáid: | Leabhar |
| Teanga: | Vietnamese |
| Foilsithe: |
Hà Nội
Xây dựng
2017
|
| Eagrán: | Tái bản |
| Ábhair: | |
| Clibeanna: |
Cuir Clib Leis
Gan Chlibeanna, Bí ar an gcéad duine leis an taifead seo a chlibeáil!
|
| Thư viện lưu trữ: | Trung tâm Học liệu Lê Vũ Hùng, Trường Đại học Đồng Tháp |
|---|
| LEADER | 00864pam a22002658a 4500 | ||
|---|---|---|---|
| 001 | 00042650 | ||
| 008 | 160217s2014 ||||||Engsd | ||
| 005 | 20181015101012.0 | ||
| 020 | # | # | |a 9786048205027 |c 119000 |
| 041 | 0 | # | |a vie |
| 082 | 1 | 4 | |a 628.1 |b T312T |
| 100 | 1 | # | |a Trịnh, Xuân Lai |
| 245 | 1 | 0 | |a Tính toán các công trình xử lý và phân phối nước cấp |c Trịnh Xuân Lai |
| 250 | # | # | |a Tái bản |
| 260 | # | # | |a Hà Nội |b Xây dựng |c 2017 |
| 300 | # | # | |a 343 tr. |c 27 cm. |
| 653 | # | # | |a Cấp nước |
| 653 | # | # | |a Môi trường |
| 653 | # | # | |a Nhà máy nước |
| 653 | # | # | |a Nước |
| 653 | # | # | |a Tính toán |
| 653 | # | # | |a Ô nhiễm |
| 852 | # | # | |j KD.0024750 |j KM.0026531 |j KM.0026530 |
| 910 | |d 15/10/2018 | ||
| 980 | # | # | |a Trung tâm Học liệu Lê Vũ Hùng, Trường Đại học Đồng Tháp |


